| 000 | 00643nam a2200217Ia 4500 | ||
|---|---|---|---|
| 003 | OSt | ||
| 005 | 20230516121416.0 | ||
| 008 | 210423s2009 xx 000 0 und d | ||
| 020 | _a9780199277896 | ||
| 040 | _cAL | ||
| 041 | _aeng | ||
| 082 |
_a540 _223 _b BURA |
||
| 100 |
_aBURROWS (Andrew);others. _9105174 |
||
| 245 | _aChemistry3: introducing inorganic organic and physical chemistry. | ||
| 260 |
_aOxford _bOxford University Press _c2009 |
||
| 300 |
_axviii,1395 _bPB |
||
| 365 |
_b2050 _cINR |
||
| 650 |
_aChemistry _9105175 |
||
| 906 | _achemistry. ; Chemistry3: ; inorganic ; introducing ; organic ; physical | ||
| 942 |
_2ddc _cBK |
||
| 999 |
_c164467 _d164467 |
||